| 000 | 01313nam0a22003011 4500 | ||
|---|---|---|---|
| 001 | v19\rc\1692989 | ||
| 005 | 20061002154351.7 | ||
| 035 | _a(NLR Aleph) 004796376 | ||
| 090 |
_a4782835 _c4782835 |
||
| 100 | _a20061002e18971897|||y0rusy50 ca | ||
| 101 | 0 | _arus | |
| 102 | _aRU | ||
| 105 | _ay z ||||| | ||
| 200 | 1 |
_aТемпературы почвы летом 1896 года _e(Из наблюдений Метеорол. обсерватории Лесн. ин-та в С.-Петербурге) _f[Г. Любославский] |
|
| 210 |
_aСанкт-Петербург _cтип. Имп. Акад. наук _d[1897] |
||
| 215 |
_a14 с. _d25 |
||
| 300 | _aАвт. указан в конце текста | ||
| 309 | _aБез тит. л. и обл. | ||
| 311 | _aОтд. отт. из "Метеорол. вестн." 1897 г., № 4 | ||
| 488 | 0 | _12001#$aМетеорологический вестник$v1897, № 4 | |
| 532 | 1 | 1 | _aТемпературы почвы летом тысяча восемьсот девяносто шестого года |
| 700 | 1 |
_aЛюбославский _bГ. А. _f1860-1915 _gГеннадий Андреевич |
|
| 801 | 0 |
_aRU _bNLR _gpsbo |
|
| 801 | 0 |
_aRU _bRuMoRGB _2psbo |
|
| 801 | 1 |
_aRU _bProSoft-M _2rusmarc |
|
| 852 |
_aNLR _j34.53.3.638 |
||
| 942 | _cBOOK | ||
| 980 | _aNB | ||